Spôsoby zvárania a spájkovania. Termíny a definície. STN 05 0001. ISO 857
Saved in:
| Format: | Book |
|---|---|
| Language: | Slovak |
| Published: |
Bratislava :
Slovenský ústav technickej normalizácie,
1996
|
| Edition: | 2. vyd. |
| Subjects: | |
| Tags: |
No Tags, Be the first to tag this record!
|
MARC
| LEADER | 00000nam a22000003a 4500 | ||
|---|---|---|---|
| 001 | stu61007 | ||
| 005 | 20150408161915.8 | ||
| 008 | 010807s1996----xo------------------slo-d | ||
| 040 | |a STU |b slo | ||
| 041 | 0 | |a slo | |
| 044 | |a xo | ||
| 080 | |a 621.791:001.4 | ||
| 245 | |a Spôsoby zvárania a spájkovania. Termíny a definície. STN 05 0001. ISO 857 | ||
| 250 | |a 2. vyd. | ||
| 260 | |a Bratislava : |b Slovenský ústav technickej normalizácie, |c 1996 | ||
| 300 | |a 32 s | ||
| 650 | 7 | |a zváranie |2 stusub | |
| 650 | 7 | |a spájkovanie |2 stusub | |
| 996 | |b 284M032968 |c M*N-269-2 |l MMKN |s A |a 24 |w stu61007_0001 | ||